000
00348nam a2200169Ia 4500
100
_a
Foster/Robert
650
_a
ASP
942
_c
BK
366
_f
17.5
654
_a
ASP.NET
245
_a
ASP.NET 3.5 Ajax unleashed
260
_b
Pearson Education
_c
2009
082
_a
005.133/FOS
_b
FOS
300
_a
249
546
_a
ENGLISH
999
_c
33003
_d
33003